Αφρικανική άγρια ζωή African wildlife
Παρουσιάζει από κοντά τις πραγματικότητες της γέννησης, του θανάτου και της επιβίωσης σ'αυτή τη ζωντανή συνάντηση με το ζωικό βασίλειο. Καταγράφει την αληθινή συμπεριφορά των ζώων στην άγρια φύση της Αφρικής....
Αποθηκεύτηκε σε:
| Συγγραφή απο Οργανισμό/Αρχή: | |
|---|---|
| Άλλοι συγγραφείς: | , |
| Μορφή: | |
| Γλώσσα: | English Greek |
| Δημοσίευση: |
[Washington D.C.] : Αθήνα :
National Geographic Society, Διανομή Home Video Hellas,
1980.
|
| Σειρά: | National Geographic Video
|
| Θέματα: | |
| Ετικέτες: |
Προσθήκη ετικέτας
Δεν υπάρχουν, Καταχωρήστε ετικέτα πρώτοι!
|
MARC
| LEADER | 00000cgm a2200000 i 4500 | ||
|---|---|---|---|
| 001 | 1/65994 | ||
| 008 | 041118s1980####us ||| | || ||eng|| | ||
| 035 | |l 10075318 | ||
| 040 | |a GR-MY-UA |b gre |e aacr | ||
| 041 | 0 | |a eng |j gre | |
| 082 | 0 | |a 910.9 |2 (22) | |
| 245 | 1 | 0 | |a Αφρικανική άγρια ζωή |h [μαγνητοσκόπηση] = |b African wildlife / |c παραγωγή και φωτογράφηση : David and Carol Hughes ; σενάριο : Nicholas Noxon ; National Geographic Society. |
| 246 | 1 | |i Παράλληλος τίτλος: |a African wildlife | |
| 260 | |a [Washington D.C.] : |a Αθήνα : |b National Geographic Society, |b Διανομή Home Video Hellas, |c 1980. | ||
| 300 | |a 1 βιντεοκασέτα (60 λεπτ.); |b ομιλ., έγχρ.; |c 1/2 ιν. | ||
| 490 | 1 | |a National Geographic Video | |
| 508 | |a Παραγωγή του National Geographic Special από τη National Geographic Society και WQED/Pittsburgh; Δυνατότης παραγωγής από την CHEVRON; Εκτέλεση παραγωγής Dennis B. Kane, Thomas Skinner. | ||
| 511 | 0 | |a Αφηγητής: Alexander Scourdy. | |
| 520 | |a Παρουσιάζει από κοντά τις πραγματικότητες της γέννησης, του θανάτου και της επιβίωσης σ'αυτή τη ζωντανή συνάντηση με το ζωικό βασίλειο. Καταγράφει την αληθινή συμπεριφορά των ζώων στην άγρια φύση της Αφρικής. | ||
| 538 | |a VHS format. | ||
| 650 | 0 | 0 | |a Discoveries in geography. |
| 650 | 0 | 0 | |a Zoology |z Namibia |z Etosha National Park. |
| 651 | 0 | |a Etosha National Park (Namibia) | |
| 700 | 1 | |a Hughes, David |d 1938- |4 pro | |
| 700 | 0 | |a Hughes, Carol. |4 pro | |
| 710 | 2 | |a National Geographic Society (U.S.) | |
| 830 | 0 | |a National Geographic Video | |
| 852 | |a INST |b LESVOS |c AV |e 20041118 |h 910.9 ΑΦΡ |p 005100028106 |q 005100028106 |t VC |y 23 | ||
| 852 | |a INST |b RHODES |c AV |e 20050211 |h 910.9 ΑΦΡ |p 005400017842 |q 005400017842 |t VC |y 23 | ||
| 901 | |a BIBL1-2004-3 | ||
| 901 | |a BIBL4-2005-1 | ||
| 909 | |a Λ |b 026126 | ||
| 909 | |a Ρ |b 042843 | ||
| 922 | |a 1ΕΛΗ |b 199303 |c ΤΑΚ/ΚΥΒ | ||
| 922 | |a 4ΕΛΗ |b 199604 |c ΒΙΒΛΙΟΘΗΚΗ | ||
| 970 | |a ΜΑΡΙΝΑΤΟΥ |b ΜΥΡΣΙΝΗ |z 2004/11/18 | ||